002590000a22001090004500001000600000041000800006082002000014100003100034245003000065260004200095300001200137112210 aENG04aG 895.15 B9221e1 aBuck, Pearl S. (1892-1973)10aThe exile / Pearl S. Buck aNew York, USA : John Day (ver J. Day) a315 Pag